1352 1161 1852 1825 1857 1160 1590 1866 1039 1931 1192 1836 1290 1080 1065 1041 1431 1267 1100 1938 1738 1817 1890 1106 1944 1649 1794 1939 1673 1020 1336 1155 1264 1049 1514 1322 1085 1580 1822 1904 1724 1901 1036 1603 1858 1447 1685 1961 1024 1315 1998 1790 1777 1057 1055 1363 1514 1298 1103 1259 1523 1155 1308 1158 1126 1870 1110 1206 1028 1486 1225 1864 1112 1290 1061 1177 1255 1793 1449 1896 1424 1699 1424 1422 1168 1536 1757 1133 1560 1085 1973 1205 1595 1792 1949 1618 1452 1908 1221 BCNSPRNW ULIB Ver.6.0+V

เปลี่ยนเป็นภาษาไทย

Change to English
 แสดงรายละเอียดบรรณานุกรม
  กลับหน้าหลัก

Brief Record : Get Marc (ISO 2709) : E-mail record : QR code < ปิดหน้าต่าง
LEADER : 00000nam 2200000uu 4500
001    13399108996
003     ULIB
008    110318s2551||||th 000 0 tha d
020    9789741670772
060  4 WA108^bส232ร 2551
100 0  สมเกียรติ สุวรรณกูฎ
245 00 โรคร้ายที่ผ่านพ้น/^cสมเกียรติ สุวรรณกูฎ
250    พิมพ์ครั้งที่ 1
260    กรุงเทพฯ:^bเคล็ดไทย,^c2551
300    125 หน้า:^bภาพประกอบ
650  7 ลักษณะอาการของโรค
650  7 หลัก 9 อ
650  7 โรคหัวใจ
650  7 โรคเรื้อรัง
650  7 โรคความดันโลหิตสูง
945    ^p100^l0^i024987
945    ^p100^l0^i024986
995    ทศพร
999 ^a ใช้งานได้ทุกระบบ
รายการนี้ยังไม่มีแท็ก
คุณยังไม่ได้ล็อกอิน คุณสามารถมีกิจกรรมร่วมกับเว็บไซต์ได้ แต่ต้องล็อกอินก่อน ::
  ล็อกอิน

รายการสื่อสารสนเทศ

ลำดับที่ ประเภท เลขเรียก/บาร์โค้ด สถานที่ สถานะ
- ไม่พบข้อมูล -

รายการใกล้เคียง
    ผู้แต่ง [สมเกียรติ สุวรรณกูฎ]

    หัวเรื่อง [ลักษณะอาการของโรค]
    หัวเรื่อง [หลัก 9 อ]
    หัวเรื่อง [โรคหัวใจ]
    หัวเรื่อง [โรคเรื้อรัง]
    หัวเรื่อง [โรคความดันโลหิตสูง]

BibComment


ยังไม่เคยถูกคอมเมนท์

คอมเมนท์ทรัพยากรรายการนี้
  คอมเมนท์: โรคร้ายที่ผ่านพ้น..


 Copyright 2026. Bcnsprnw @Library